El Des-cubrimiento del hombre (Record no. 12776)
[ view plain ]
| 000 -CABECERA | |
|---|---|
| campo de control de longitud fija | 00661nam a2200205 i 4500 |
| 001 - NÚMERO DE CONTROL | |
| campo de control | REBIUN3505519 |
| 003 - IDENTIFICADOR DEL NÚMERO DE CONTROL | |
| campo de control | ES-ArAOG |
| 005 - FECHA Y HORA DE LA ÚLTIMA TRANSACCIÓN | |
| campo de control | 20140619135520.0 |
| 007 - CAMPO FIJO DE DESCRIPCIÓN FÍSICA--INFORMACIÓN GENERAL | |
| campo de control de longitud fija | zu |
| 008 - CÓDIGOS DE INFORMACIÓN DE LONGITUD FIJA | |
| campo de control de longitud fija | 061004s1973 fr 00010 spa d |
| 035 ## - NÚMERO DE CONTROL DEL SISTEMA | |
| Número de control de sistema | UPNA0201578 |
| 040 ## - FUENTE DE LA CATALOGACIÓN | |
| Centro catalogador de origen | UPNA |
| Centro transcriptor | AOGC |
| 100 1# - PUNTO DE ACCESO PRINCIPAL - NOMBRE DE PERSONA | |
| Nombre de persona | Sagrera Capdevila, Martâin |
| 9 (RLIN) | 9142 |
| 245 13 - MENCIÓN DE TÍTULO | |
| Título | El Des-cubrimiento del hombre |
| Resto del título | : introducciâon al estudio del subdesarrollo sexual / |
| Mención de responsabilidad etc. | Martâin Sagrera. |
| 260 ## - PUBLICACIÓN, DISTRIBUCIÓN, ETC. (PIE DE IMPRENTA) | |
| Lugar de publicación distribución etc. | [Paris] : |
| Nombre del editor distribuidor etc. | Ruedo Ibâerico, |
| Fecha de publicación distribución etc. | [1973] |
| 300 ## - DESCRIPCIÓN FÍSICA | |
| Extensión | VII, 328 p. |
| 500 ## - NOTA GENERAL | |
| Nota general | En la port.: Con los resultados de una encuesta en ocho paâises. |
| 740 3# - PUNTO DE ACCESO ADICIONAL--TÍTULO RELACIONADO O ANALÍTICO NO CONTROLADO | |
| Título relacionado o analítico no controlado | El Descubrimiento del hombre. |
| 942 ## - ELEMENTOS DE PUNTO DE ACCESO ADICIONAL (KOHA) | |
| Fuente del sistema de clasificación o colocación | Universal Decimal Classification |
| Tipo de ítem Koha | Monografías |
| Estado de retiro | Estado de pérdida | Fuente del sistema de clasificación o colocación | Estado dañado | No para préstamo | Localización permanente | Ubicación/localización actual | Ubicación en estantería | Fecha de adquisición | Total de préstamos | Signatura topográfica completa | Código de barras | Fecha visto por última vez | Precio válido a partir de | Tipo de ítem Koha |
|---|---|---|---|---|---|---|---|---|---|---|---|---|---|---|
| Universal Decimal Classification | Academia de Oficiales de la Guardia Civil | Academia de Oficiales de la Guardia Civil | AOGC - Sala | 26/11/2013 | 2251 | AOGC13111234 | 26/11/2013 | 26/11/2013 | Monografías |
